Trianon - zrod novej hranice /

Salvato in:
Dettagli Bibliografici
Autori principali: Besedič, Martin (Autore), Čechová, Dominika (Autore), Hrica, Juraj (Autore)
Altri autori: Garek, Martin (Revisore)
Natura: Libro
Lingua:slovacco
inglese
Pubblicazione: Bratislava: SNM - Historické múzeum, 2021
Soggetti:
Tags: Aggiungi Tag
Nessun Tag, puoi essere il primo ad aggiungerne!!

MARC

LEADER 00000nam a22000003a 4500
001 0093889
003 SK-STU
005 20220210111923.0
007 ta
008 220210s ----xo-----e------000-0-----d
020 |a 978-80-8060-506-3 
040 |a STU  |b slo 
041 0 |a slo  |a eng  |h slo 
044 |a xo 
100 1 |a Besedič, Martin  |4 aut  |r Z5 
245 1 0 |a Trianon - zrod novej hranice /  |c aut. Martin Besedič, Dominika Čechová, Juraj Hrica ; rec. Martin Garek 
246 3 1 |a Trianon - The New Border Creation 
260 |a Bratislava:  |b SNM - Historické múzeum,  |c 2021 
300 |a 287 s. 
500 |a Katalóg výstavy 
650 0 7 |a Trianonská mierová zmluva 
700 1 |a Čechová, Dominika  |r Z5  |4 aut 
700 1 |a Hrica, Juraj  |r Z5  |4 aut 
700 1 |a Garek, Martin  |r Z5  |4 rev 
996 |b 284V037682  |c V* 53274/O-24434  |l VVT  |s A  |a 24  |w 0093889_0001